<?xml version="1.0" encoding="UTF-8"?><?xml-stylesheet type="text/xsl" href="static/style.xsl"?><OAI-PMH xmlns="http://www.openarchives.org/OAI/2.0/" xmlns:xsi="http://www.w3.org/2001/XMLSchema-instance" xsi:schemaLocation="http://www.openarchives.org/OAI/2.0/ http://www.openarchives.org/OAI/2.0/OAI-PMH.xsd"><responseDate>2026-06-05T13:04:31Z</responseDate><request verb="GetRecord" identifier="oai:riuma.uma.es:10630/3619" metadataPrefix="marc">https://riuma.uma.es/rest/oai/request</request><GetRecord><record><header><identifier>oai:riuma.uma.es:10630/3619</identifier><datestamp>2026-02-03T12:48:44Z</datestamp><setSpec>com_10630_27</setSpec><setSpec>com_10630_3139</setSpec><setSpec>com_10630_10</setSpec><setSpec>col_10630_556</setSpec></header><metadata><record xmlns="http://www.loc.gov/MARC21/slim" xmlns:dcterms="http://purl.org/dc/terms/" xmlns:doc="http://www.lyncode.com/xoai" xmlns:xsi="http://www.w3.org/2001/XMLSchema-instance" xsi:schemaLocation="http://www.loc.gov/MARC21/slim http://www.loc.gov/standards/marcxml/schema/MARC21slim.xsd">
   <leader>00925njm 22002777a 4500</leader>
   <datafield ind2=" " ind1=" " tag="042">
      <subfield code="a">dc</subfield>
   </datafield>
   <datafield ind2=" " ind1=" " tag="720">
      <subfield code="a">Conde Poyales, Francisco</subfield>
      <subfield code="e">author</subfield>
   </datafield>
   <datafield ind2=" " ind1=" " tag="260">
      <subfield code="c">1984</subfield>
   </datafield>
   <datafield ind2=" " ind1=" " tag="520">
      <subfield code="a">Se citan 64 táxones (9 Chlorophyta, 14 Phaeophyta y 41 Rhodophyta). Creemos que es el primer estudio algológico realizado en estas islas. Señalamos como interesante la presencia de cistocarpos en Acrosorium uncinatum (Turn.) Kylin y la existencia de Discosporangium mesarthrocarpum (Falk.) Hauck y Gelidiella lubrica (Kütz.) Feldm. et Hamel</subfield>
   </datafield>
   <datafield ind2=" " ind1=" " tag="520">
      <subfield code="a">Contribution to the algal marine flore of Chafarinas Islands (Alboran's sea, Western Mediterranean). 64 taxons (9 Chlorophyta, 14 Phaeophyta and 41 Rhodophyta) of marine algae from Chafarinas Islands are listed. Especially may be mentioned Discosporangium mesarthrocarpum (Falk.) Hauck and Gelidiella 1ubrica (Kütz.) Feldm. et Hamel. Acrosorium uncinatum (Turn.) Kylin are cystocarps.</subfield>
   </datafield>
   <datafield ind1="8" ind2=" " tag="024">
      <subfield code="a">Acta Botánica Malacitana, Nº 9&#xd;
, 1984, Págs. 41&#xd;
-46</subfield>
   </datafield>
   <datafield ind1="8" ind2=" " tag="024">
      <subfield code="a">02109506</subfield>
   </datafield>
   <datafield ind1="8" ind2=" " tag="024">
      <subfield code="a">http://hdl.handle.net/10630/3619</subfield>
   </datafield>
   <datafield ind2="0" ind1="0" tag="245">
      <subfield code="a">Contribución al conocimiento de la flora algal bentónica del mar de Alborán. Islas Chafarinas</subfield>
   </datafield>
</record>
</metadata></record></GetRecord></OAI-PMH>